[Event "Pfalz-ch Seniors 87th"]
[Site "Landau"]
[Date "2018.03.30"]
[Round "6"]
[White "Joniks, Paul"]
[Black "Ortinau, Helmut"]
[Result "0-1"]
[WhiteElo "1579"]
[BlackElo "2048"]
[PlyCount "80"]
[EventDate "2018.03.23"]
[EventType "swiss"]
[EventRounds "7"]
[EventCountry "GER"]
[SourceTitle "EXT 2019"]
[Source "ChessBase"]
[SourceDate "2018.10.10"]
[SourceVersion "1"]
[SourceVersionDate "2018.10.10"]
[SourceQuality "1"]

1. d4 Nf6 2. Nf3 e6 3. e3 c5 4. c3 b6 5. Bd3 Bb7 6. Nbd2 d5 7. 0-0 Nbd7 8. Re1 Be7 9. e4 dxe4 10. Nxe4 0-0 11. dxc5 Nxc5 12. Nxc5 Bxc5 13. Bg5 h6 14. Bh4 Be7 15. Qe2 Qd5 16. a3 Qh5 17. Bg3 Bxf3 18. gxf3 Rad8 19. Rad1 Rd7 20. Bb5 Rxd1 21. Rxd1 Rc8 22. Ba6 Rc5 23. Bb7 Nh7 24. Qd3 Nf6 25. b4 Rf5 26. f4 Nd5 27. Rd2 Nxf4 28. Qd7 Bg5 29. Rd4 Ne2+ 30. Kg2 Nxd4 31. cxd4 Qe2 32. Qc8+ Kh7 33. Qa8 Rxf2+ 34. Bxf2 Be3 35. Be4+ f5 36. Bxf5+ exf5 37. Qf3 Qxf2+ 38. Qxf2 Bxf2 39. Kxf2 Kg6 40. Ke3 Kf6 0-1

[Event "Pfalz-ch Seniors 87th"]
[Site "Landau"]
[Date "2018.03.29"]
[Round "5"]
[White "Weidinger, Otwin"]
[Black "Joniks, Paul"]
[Result "0-1"]
[WhiteElo "1413"]
[BlackElo "1579"]
[PlyCount "28"]
[EventDate "2018.03.23"]
[EventType "swiss"]
[EventRounds "7"]
[EventCountry "GER"]
[SourceTitle "EXT 2019"]
[Source "ChessBase"]
[SourceDate "2018.10.10"]
[SourceVersion "1"]
[SourceVersionDate "2018.10.10"]
[SourceQuality "1"]

1. e4 d5 2. exd5 Qxd5 3. Nc3 Qd6 4. d4 c6 5. Be2 Bf5 6. Nf3 Nd7 7. Be3 Ngf6 8. 0-0 e6 9. h3 h6 10. Bd3 0-0-0 11. d5 Bxd3 12. cxd3 exd5 13. Bxa7 g5 14. Bb6 Nxb6 0-1

[Event "Pfalz-ch Seniors 86th"]
[Site "Wolfstein"]
[Date "2017.04.09"]
[Round "3"]
[White "Weidinger, Otwin"]
[Black "Joniks, Paul"]
[Result "1/2-1/2"]
[WhiteElo "1406"]
[BlackElo "1950"]
[PlyCount "83"]
[EventDate "2017.04.07"]
[EventType "swiss"]
[EventRounds "7"]
[EventCountry "GER"]
[SourceTitle "EXT 2018"]
[Source "ChessBase"]
[SourceDate "2017.10.13"]
[SourceVersion "1"]
[SourceVersionDate "2017.10.13"]
[SourceQuality "1"]

1. e4 d5 2. exd5 Qxd5 3. Nc3 Qa5 4. d4 c6 5. Bc4 Bf5 6. Nf3 e6 7. 0-0 Nf6 8. Bd2 Qc7 9. a3 Bd6 10. g3 Nbd7 11. Re1 Nb6 12. Be2 0-0 13. Nh4 Bh3 14. Bf3 Nc4 15. Bc1 Rad8 16. b3 Nb6 17. Ne4 Be7 18. Bb2 Nxe4 19. Rxe4 f5 20. Rxe6 Bxh4 21. gxh4 Qf4 22. Bg2 Bxg2 23. Kxg2 Qxh4 24. Qf3 Nd5 25. Bc1 Qxd4 26. Rb1 Qh4 27. c4 Nc7 28. Re5 Rf6 29. Bf4 Rg6+ 30. Kh1 Qf6 31. Rbe1 h6 32. Bg3 Rf8 33. Re7 f4 34. Rxc7 fxg3 35. Qxf6 Rgxf6 36. fxg3 Rf1+ 37. Rxf1 Rxf1+ 38. Kg2 Rf7 39. Rxf7 Kxf7 40. Kf3 Kf6 41. Ke4 Ke6 42. c5 1/2-1/2

[Event "Rheinland Pfalz op Seniors 14th"]
[Site "Neustadt an der Weinstrasse"]
[Date "2016.07.19"]
[Round "4"]
[White "Joniks, Paul"]
[Black "Fey, Karl Heinz"]
[Result "1-0"]
[WhiteElo "1916"]
[BlackElo "1335"]
[PlyCount "83"]
[EventDate "2016.07.16"]
[EventType "swiss"]
[EventRounds "9"]
[EventCountry "GER"]
[SourceTitle "EXT 2019"]
[Source "ChessBase"]
[SourceDate "2018.10.10"]
[SourceVersion "1"]
[SourceVersionDate "2018.10.10"]
[SourceQuality "1"]

1. d4 Nf6 2. Nf3 e6 3. e3 d5 4. Bd3 Bd6 5. Nbd2 0-0 6. 0-0 a6 7. Re1 b5 8. Qe2 Bb7 9. e4 dxe4 10. Nxe4 c5 11. dxc5 Bc7 12. Bg5 h6 13. Bh4 g5 14. Bg3 Bxg3 15. hxg3 Nfd7 16. b4 Bd5 17. Nd6 Nc6 18. a3 Qe7 19. Rad1 e5 20. Be4 Bxe4 21. Qxe4 Ndb8 22. Nxe5 Qc7 23. Qd5 Ra7 24. Ng6 Rd8 25. Re8+ Rxe8 26. Nxe8 Qd7 27. Nf6+ Kg7 28. Nxd7 Rxd7 29. Qf3 Rxd1+ 30. Qxd1 Kxg6 31. Qd3+ Kg7 32. f4 g4 33. c4 bxc4 34. Qxc4 Kg6 35. a4 Ne7 36. b5 axb5 37. axb5 Nf5 38. c6 Ne7 39. c7 Nd7 40. Qd3+ f5 41. Qxd7 Kf6 42. b6 1-0

[Event "Rheinland Pfalz op Seniors 14th"]
[Site "Neustadt an der Weinstrasse"]
[Date "2016.07.18"]
[Round "3"]
[White "Juergens, Peter1111"]
[Black "Joniks, Paul"]
[Result "1-0"]
[WhiteElo "1938"]
[BlackElo "1916"]
[PlyCount "84"]
[EventDate "2016.07.16"]
[EventType "swiss"]
[EventRounds "9"]
[EventCountry "GER"]
[SourceTitle "EXT 2019"]
[Source "ChessBase"]
[SourceDate "2018.10.10"]
[SourceVersion "1"]
[SourceVersionDate "2018.10.10"]
[SourceQuality "1"]

1. d4 Nf6 2. Bf4 c5 3. e3 cxd4 4. exd4 d5 5. c3 Nc6 6. Bd3 e6 7. Nf3 Bd6 8. Bg3 Qc7 9. Bxd6 Qxd6 10. 0-0 0-0 11. Re1 Re8 12. Nbd2 Bd7 13. Ne5 Re7 14. Re3 Be8 15. Qf3 h6 16. Rae1 Nd7 17. Qg3 Ncxe5 18. dxe5 Qc7 19. Nf3 Nc5 20. Nd4 a6 21. f4 Nxd3 22. Rxd3 Bc6 23. f5 Kh7 24. Qg4 Rg8 25. fxe6 fxe6 26. Rf3 Bd7 27. Rg3 g5 28. Rf3 Rg6 29. Rf8 Be8 30. Rf6 Bf7 31. Qf3 Rg7 32. Qe3 Qb6 33. Re2 Bg6 34. Ref2 Rgf7 35. Qe2 Kg7 36. h3 Qc7 37. Nxe6+ Rxe6 38. Rxe6 Be4 39. Rxf7+ Kxf7 40. Rxh6 Qxe5 41. Rb6 d4 42. Qf2+ Kg7 1-0